004250000a2200133000450024501440000065000240014465000170016865000160018565000110020104100130021270000180022510000170024377300310026010aEfect of proportion of cell-wall material from lucerne leaf meal on apparent digestibility, rate of passage and gut characteristics in pigs14aFisiología animal14aBioquímica14aVeterinaria14aCerdos0 aInglés1 aStanogias, G.1 aKuant, K. K.1 tPreprint33q201-209d1983